[Event "AUTO-OPEN-3072"]
[Site "http://www.queenalice.com/game.php?id=1214455"]
[Date "2013.9.5"]
[Round "1"]
[White "corjaa7"]
[Black "jalhallib"]
[Result "1-0"]
[WhiteElo "1500"]
[BlackElo "1892"]

1. e4 b6 2. d4 Bb7 3. Nc3 e6 4. Nf3 Bb4 5. Bd3 Bxc3+ 6. bxc3 h6 7. Qe2 Nf6 8. c4
O-O 9. Rg1 d6 10. g4 Nh7 11. h4 Nd7 12. g5 h5 13. g6 fxg6 14. Ng5 Nxg5 15. Bxg5
Qe8 16. f4 Nf6 17. e5 Ng4 18. Rxg4 d5 19. Rg1 dxc4 20. Bxc4 Bd5 21. Bxd5 exd5
22. e6 Qa4 23. e7 Rfe8 24. Qe6+ Kh8 25. Rd1 Qxc2 26. Qxd5 Qc3+ 27. Ke2 c6 28.
Qe4 Qc4+ 29. Ke3 Qc3+ 30. Rd3 Qc2 31. Qxg6 Rad8 32. Bf6 1-0

[Event "AUTO-OPEN-3072"]
[Site "http://www.queenalice.com/game.php?id=1214456"]
[Date "2013.9.5"]
[Round "1"]
[White "jalhallib"]
[Black "corjaa7"]
[Result "0-1"]
[WhiteElo "1892"]
[BlackElo "1632"]

1. b3 e5 2. Bb2 Nc6 3. e3 Nf6 4. Nf3 d6 5. h3 g6 6. Bb5 Bd7 7. Bxc6 Bxc6 8. O-O
Bg7 9. d3 O-O 10. e4 Nh5 11. Nbd2 Nf4 12. Bc1 f5 13. exf5 gxf5 14. Rb1 e4 15.
dxe4 fxe4 16. Nh2 e3 17. Ndf3 e2 18. Qe1 exf1=Q+ 19. Qxf1 Qe7 20. Bxf4 Rxf4 21.
Re1 Qf6 22. Ng4 Qg6 23. Qd3 Qxd3 24. cxd3 Bxf3 25. gxf3 Rxf3 26. Kg2 Raf8 27.
Re7 h5 28. Ne3 Rxf2+ 29. Kg1 Bd4 30. Nd5 Rxa2+ 31. Ne3 Re2 32. Re4 Bxe3+ 33.
Rxe3 Rxe3 0-1

[Event "AUTO-OPEN-3072"]
[Site "http://www.queenalice.com/game.php?id=1214458"]
[Date "2013.9.5"]
[Round "1"]
[White "Admilton"]
[Black "corjaa7"]
[Result "1-0"]
[WhiteElo "1638"]
[BlackElo "1621"]

1. d4 Nf6 2. Nf3 d5 3. h3 c5 4. e3 Bf5 5. dxc5 Qa5+ 6. Bd2 Qxc5 7. b4 Qxc2 8.
Qxc2 Bxc2 9. Na3 Ba4 10. Rc1 Nbd7 11. Nb5 Bxb5 12. Bxb5 Kd8 13. Ng5 Ke8 14. Rc7
h6 15. Bxd7+ Nxd7 16. Rxb7 hxg5 17. O-O e5 18. Rc1 Bd6 19. Rc6 Ke7 20. Rb5 Ke6
21. Ra5 Rac8 22. Rca6 Rc2 23. Be1 Rc1 24. Kf1 g4 25. Ke2 Rxh3 26. Kd2 Rb1 27.
gxh3 gxh3 28. e4 dxe4 29. f4 h2 30. fxe5 Nxe5 31. Bg3 h1=Q 32. Rxe5+ Kd7 33.
Rxa7+ Kc6 34. Ra6+ Kb7 35. Rxd6 Qd1+ 36. Ke3 Qf3+ 37. Kd4 1-0

[Event "Let's Play Chess!"]
[Site "http://www.queenalice.com/game.php?id=1216258"]
[Date "2013.9.11"]
[Round "-"]
[White "corjaa7"]
[Black "josebaron"]
[Result "1-0"]
[WhiteElo "1500"]
[BlackElo "1929"]

1. e4 e5 2. d4 exd4 3. c3 dxc3 4. Nxc3 d6 5. Bc4 Nf6 6. Nf3 Be7 7. Bf4 Be6 8.
Bxe6 fxe6 9. Qb3 e5 10. Qxb7 Nbd7 11. Bc1 Qb8 12. Qc6 Qb6 13. Qc4 h6 14. O-O a6
15. Nh4 Qc5 16. Qe6 Nf8 17. Qb3 a5 18. a3 Qc6 19. Nf5 Nxe4 20. Nxe7 Kxe7 21.
Nd5+ Ke8 22. Be3 Nc5 23. Bxc5 dxc5 24. Rfe1 Nd7 25. Qf3 Rf8 26. Nxc7+ Qxc7 27.
Qxa8+ Nb8 28. Rad1 Ke7 29. Qd5 a4 30. Rxe5+ 1-0

[Event "Let's Play Chess!"]
[Site "http://www.queenalice.com/game.php?id=1219231"]
[Date "2013.9.23"]
[Round "-"]
[White "corjaa7"]
[Black "spawnwolfwolverine"]
[Result "0-1"]
[WhiteElo "1721"]
[BlackElo "1725"]

1. e4 e5 2. Nf3 d6 3. Nc3 Bg4 4. Bc4 Nc6 5. h3 Bxf3 6. Qxf3 Qf6 7. Qd1 g6 8. O-O
Bh6 9. Nd5 Qd8 10. c3 a6 11. Qf3 Qd7 12. Qf6 Nxf6 13. Nxf6+ Kd8 14. Nxd7 Kxd7
15. Bxf7 b5 16. d3 a5 0-1

[Event "Let's Play Chess!"]
[Site "http://www.queenalice.com/game.php?id=1219232"]
[Date "2013.9.23"]
[Round "-"]
[White "corjaa7"]
[Black "spawnwolfwolverine"]
[Result "0-1"]
[WhiteElo "1596"]
[BlackElo "1707"]

1. e4 e5 2. Nf3 d6 3. Nc3 Bg4 4. Bc4 Nc6 5. h3 Bxf3 6. Qxf3 Qf6 7. Qd1 g6 8. O-O
Bg7 9. Nd5 Qd8 10. a3 Nf6 11. d3 O-O 12. c3 Nxd5 13. Bxd5 a6 14. Bxc6 bxc6 15.
Qa4 c5 16. Be3 a5 17. f4 exf4 18. Bxf4 f5 0-1

[Event "AUTO-INT-2728"]
[Site "http://www.queenalice.com/game.php?id=1220352"]
[Date "2013.9.27"]
[Round "1"]
[White "corjaa7"]
[Black "thiagohenriqueoliveira"]
[Result "0-1"]
[WhiteElo "1665"]
[BlackElo "1458"]

1. d4 d5 2. Nc3 Nf6 3. f3 Bf5 4. Bg5 Nc6 5. Qd2 Nb4 6. e4 dxe4 7. fxe4 Bg4 8. a3
Nc6 9. Bxf6 exf6 10. Bb5 a6 11. Bxc6+ bxc6 0-1

[Event "AUTO-INT-2728"]
[Site "http://www.queenalice.com/game.php?id=1220353"]
[Date "2013.9.27"]
[Round "1"]
[White "thiagohenriqueoliveira"]
[Black "corjaa7"]
[Result "1-0"]
[WhiteElo "1430"]
[BlackElo "1718"]

1. d4 e6 2. e4 d5 3. f3 dxe4 4. fxe4 Qh4+ 5. g3 Qxe4+ 6. Be2 Qxh1 7. Kf1 Nf6 8.
Bb5+ Bd7 9. c4 Qxh2 10. Qa4 Nc6 11. Nf3 1-0